Statistics for Eurovision Song Contest - Winner Countries

Click here to take the quiz!

General Stats

  • This quiz has been taken 2,047 times
    (1,511 since last reset)
  • The average score is 50 of 69

Answer Stats

YearWinnerPoints% Correct
2022Ukraine631
92%
2021Italy524
89%
2012Sweden372
86%
2019Netherlands498
85%
2015Sweden365
85%
2017Portugal758
83%
2009Norway387
82%
1956Switzerland-
82%
2016Ukraine534
82%
2006Finland292
81%
2010Germany246
81%
2018Israel529
80%
2014Austria290
79%
2013Denmark281
79%
1974Sweden24
79%
2008Russia272
78%
2004Ukraine280
78%
1969France18
77%
1969United Kingdom18
77%
1958France27
76%
1992Ireland155
76%
1994Ireland226
76%
1993Ireland187
76%
1997United Kingdom227
76%
2005Greece230
75%
1996Ireland162
75%
1969Spain18
75%
1999Sweden163
75%
1957Netherlands31
74%
2000Denmark195
73%
1960France32
73%
2007Serbia268
73%
1967United Kingdom47
73%
1987Ireland172
72%
1969Netherlands18
72%
2001Estonia198
71%
1962France26
71%
1980Ireland143
71%
2002Latvia176
71%
1991Sweden146
71%
1976United Kingdom164
71%
1970Ireland32
70%
1990Italy149
70%
1995Norway148
70%
1968Spain29
70%
1984Sweden145
70%
1981United Kingdom136
70%
1964Italy49
69%
1959Netherlands21
69%
2003Turkey167
69%
1989Yugoslavia137
68%
1963Denmark42
67%
1977France136
67%
1982Germany161
67%
1998Israel172
67%
1985Norway123
66%
2011Azerbaijan221
65%
1986Belgium176
65%
1975Netherlands152
65%
1988Switzerland137
65%
1966Austria31
64%
1961Luxembourg31
64%
1978Israel157
62%
1979Israel125
62%
1965Luxembourg32
62%
1972Luxembourg128
60%
1973Luxembourg129
59%
1983Luxembourg142
58%
1971Monaco128
50%

Score Distribution

Percentile by Number Answered

Percent of People with Each Score

Your Score History

You have not taken this quiz since the last reset